书目信息 |
| 题名: |
如何讲话有逻辑 怎样说服有效果
|
|
| 作者: | 刘金来 编著 | |
| 分册: | ||
| 出版信息: | 北京 中国纺织出版社 2017 |
|
| 页数: | 278页 | |
| 开本: | 24cm | |
| 丛书名: | ||
| 单 册: | ||
| 中图分类: | H019-49 | |
| 科图分类: | ||
| 主题词: | 说服--语言艺术--通俗读物 | |
| 电子资源: | ||
| ISBN: | 978-7-5180-3830-5 | |
| 000 | 00984nam0 2200241 45 | |
| 001 | 012001000024 | |
| 005 | 20140920091301.0 | |
| 010 | @a978-7-5180-3830-5@dCNY39.80 | |
| 100 | @a20171018d2017 em y0chiy50 ea | |
| 101 | 0 | @achi |
| 102 | @aCN@b110000 | |
| 105 | @ay z 000yy | |
| 106 | @ar | |
| 200 | 1 | @a如何讲话有逻辑 怎样说服有效果@9Ru He Jiang Hua You Luo Ji Zen Yang Shuo Fu You Xiao Guo@f刘金来编著 |
| 210 | @a北京@c中国纺织出版社@d2017 | |
| 215 | @a278页@d24cm | |
| 314 | @a刘金来,男,国家一级注册建造师、高级工程师、工商管理硕士。北京师范大学管理哲学博士班学员,深圳狮子会梦想服务队2017-2018度队长。 | |
| 330 | @a本书详细从具体实例出发,内容涉及到生活中的方方面面,介绍了如何修炼有说服力的逻辑语言,以此帮助我们掌握正确的逻辑沟通能力,并帮助我们运用逻辑引导他人的思维,最终实现完美沟通。 | |
| 606 | 0 | @a说服@x语言艺术@j通俗读物 |
| 690 | @aH019-49@v5 | |
| 701 | 0 | @a刘金来@9Liu Jin Lai@4编著 |
| 801 | 0 | @aCN@b上海新华@c20180901 |
| 905 | @b1040110-14@dH019@e292@f5 | |
| 如何讲话有逻辑 怎样说服有效果/刘金来编著.-北京:中国纺织出版社,2017 |
| 278页;24cm |
| ISBN 978-7-5180-3830-5:CNY39.80 |
| 本书详细从具体实例出发,内容涉及到生活中的方方面面,介绍了如何修炼有说服力的逻辑语言,以此帮助我们掌握正确的逻辑沟通能力,并帮助我们运用逻辑引导他人的思维,最终实现完美沟通。 |
| ● |
| 相关链接 |
|
|
|
|
正题名:如何讲话有逻辑 怎样说服有效果
索取号:H019/292
 
预约/预借
| 序号 | 登录号 | 条形码 | 馆藏地/架位号 | 状态 | 备注 |
| 1 | 1040110 | 210401108 | 第二样本阅览室/ [索取号:H019/292] | 在馆 | |
| 2 | 1040111 | 210401117 | 第四借阅区/ [索取号:H019/292] | 在馆 | |
| 3 | 1040112 | 210401126 | 密集书库-文学院/ [索取号:H019/292] | 在馆 | |
| 4 | 1040113 | 210401135 | 第四借阅区/ [索取号:H019/292] | 在馆 | |
| 5 | 1040114 | 210401144 | 第四借阅区/ [索取号:H019/292] | 在馆 |